00478 2200181 4500001002100000005001500021008004100036020002200077035001900099041000700118082000800125090001400133100002200147245004200169260003600211300001800247650003100265INLIS00000000001541120241224114929241224||||||||| | ||| |||| || |  a978-602-8263-02-3 0010-1224015411 aid0 a664 a664 NUR b0 aNursanti Riandini00aBahan Kimia Dalam Makanan Dan Minuman aBandungbShakti Adiluhungc2008 a32hlm;20x18cm 0aKesejahteraan Rumah Tangga